قانون البينات / (Record no. 27124)

MARC details
000 -LEADER
fixed length control field 00577nam a22002177a 4500
005 - DATE AND TIME OF LATEST TRANSACTION
control field 20251108165414.0
008 - FIXED-LENGTH DATA ELEMENTS--GENERAL INFORMATION
fixed length control field 250721s2001 xx 000 0 ara d
020 ## - INTERNATIONAL STANDARD BOOK NUMBER
International Standard Book Number isbn 9957250108
082 14 - DEWEY DECIMAL CLASSIFICATION NUMBER
Classification number 346.04/غيث
100 1# - MAIN ENTRY--PERSONAL NAME
Personal name غيث، عزت
245 10 - TITLE STATEMENT
Title قانون البينات /
250 ## - EDITION STATEMENT
Edition statement ط1
264 1# - PRODUCTION, PUBLICATION, DISTRIBUTION, MANUFACTURE, AND COPYRIGHT NOTICE
Place of production, publication, distribution, manufacture عمان :
Name of producer, publisher, distributor, manufacturer دار قنديل،
Date of production, publication, distribution, manufacture, or copyright notice 2001.
300 ## - PHYSICAL DESCRIPTION
Extent 34ص
490 0# - SERIES STATEMENT
Series statement سلسلة التشريعات القضائية ؛10
650 17 - SUBJECT ADDED ENTRY--TOPICAL TERM
Topical term or geographic name as entry element القانون
650 17 - SUBJECT ADDED ENTRY--TOPICAL TERM
Topical term or geographic name as entry element البناء
650 17 - SUBJECT ADDED ENTRY--TOPICAL TERM
Topical term or geographic name as entry element الملكية
942 ## - ADDED ENTRY ELEMENTS (KOHA)
Source of classification or shelving scheme Dewey Decimal Classification
Koha item type Books
Holdings
حالة السحب حالة الفقدان مصدر التصنيف حالة التلف غير قابل للإعارة المكتبة الرئيسية المكتبة الحالية موقع الرف تاريخ التزويد الرقم المتسلسل Total Checkouts رقم الإستدعاء الباركود تاريخ آخر ظهور تاريخ الفاتورة نوع المادة (كوها)
    Dewey Decimal Classification Unchecked   المكتبة المركزية المكتبة المركزية الإعارة 06/07/2004 502163   346.04/غيث   28/07/2025 06/07/2004 Books
    Dewey Decimal Classification     مكتبة أبو علندا العامة مكتبة أبو علندا العامة الإعارة 06/07/2004 502175   346.04/غيث 502175 28/07/2025 06/07/2004 Books
    Dewey Decimal Classification     مكتبة أم قصير والمقابلين العامة مكتبة أم قصير والمقابلين العامة الإعارة 06/07/2004 502174   346.04/غيث 502174 28/07/2025 06/07/2004 Books
    Dewey Decimal Classification     مكتبة الجويدة مكتبة الجويدة الإعارة 28/07/2025 502170   346.04/غيث 502170 28/07/2025 28/07/2025 Books
    Dewey Decimal Classification     مكتبة صويلح العامة مكتبة صويلح العامة الإعارة 06/07/2004 502167   346.04/غيث 502167 28/07/2025 06/07/2004 Books
    Dewey Decimal Classification     مكتبة عدن للأطفال مكتبة عدن للأطفال الإعارة 12/02/2025 1793737   346.04/غيث PLD00515583 28/07/2025 12/02/2025 Books
Implemented & Customized by: BBB with SCIT (Smart Chains for Information Technology)

Powered by Koha